| 000 | 00492nam a22001937a 4500 | ||
|---|---|---|---|
| 003 | OSt | ||
| 005 | 20180116183040.0 | ||
| 008 | 160222b xxu||||| |||| 00| 0 eng d | ||
| 020 | _a05-706-2014-2 | ||
| 040 | _c0 | ||
| 050 | _a174.4 | ||
| 082 | _a174.4 | ||
| 100 | _aAlvi,Sara. | ||
| 245 |
_aChange Management in Pakistan's Public Sector Organistions. _bCase Studies. _cSara Alvi |
||
| 260 |
_aLahore _bLUMS _c2014. |
||
| 300 | _a21p. | ||
| 500 | _aPaper Cover | ||
| 942 |
_2ddc _cCS _k174.4 |
||
| 999 |
_c351217 _d351217 |
||